000
00207 a2200097 4500
001
6078
100
_a
Seimer, S J
245
_a
Cases in Industrial Management.
260
_a
_b
Irwin
_c
090
_c
4976
_d
4976
942
_a
NUST-CAE
_c
M
_c
31351
999
_c
241151
_d
241151